[Event "Petrov mem"]
[Site "St Petersburg"]
[Date "1996.??.??"]
[Round "9"]
[White "Bagrunov, Vladimir"]
[Black "Sirotkina, Nina"]
[Result "0-1"]
[WhiteElo "2245"]
[BlackElo "2245"]

1.Nf3 d5 2.g3 c6 3.Bg2 Bf5 4.O-O e6 5.d3 Nf6 6.Nbd2 h6 7.b3 Be7 8.Bb2 O-O
9.Ne5 Nbd7 10.Nxd7 Nxd7 11.e4 dxe4 12.dxe4 Bh7 13.e5 Qc7 14.Re1 Rad8 15.Rc1 Nc5
16.Qe2 Rd7 17.Bc3 Rfd8 18.Nc4 Na6 19.a3 Nc5 20.Ba5 b6 21.Bc3 Nb7 22.b4 a5
23.Rb1 axb4 24.axb4 Ra8 25.Ra1 Rdd8 26.Qf3 Bxc2 27.Qxc6 Rac8 28.b5 Qb8 29.Rec1 Rxc6
30.bxc6 Bb3 31.Nxb6 Nc5 32.Na8 Rc8 33.Rcb1 Na4 34.Rxa4 Bxa4 35.Rxb8 Rxb8
36.c7 Rb1+ 37.Bf1 Bd7 38.Bd4 Rc1 39.Be3 Rc3 40.Ba6 Bc5 41.Bxc5 Rxc5 42.Bb7 Rc1+
43.Kg2 Bc6+ 44.Bxc6 Rxc6 45.Kf3 Kf8 46.Ke3 Ke8 47.Nb6 Rxc7 48.h4 Kd8 49.g4 Rc2
50.Na4 Kc7 51.Kd3 Kc6 52.f4 Rg2 53.Nc3 Rg3+ 54.Kd4 Rxg4 55.Ne2 Rxh4 56.Ke4 Rh5
57.Kf3 Rh2 58.Nd4+ Kd5 59.Nb5 Rb2 60.Nd6 f5 61.Kg3 g5  0-1

[Event "Petrov mem"]
[Site "St Petersburg"]
[Date "1996.??.??"]
[Round "9"]
[White "Giorgadze, Giorgi"]
[Black "Rublevsky, Sergei"]
[Result "1/2-1/2"]
[WhiteElo "2590"]
[BlackElo "2610"]

1.Nf3 d5 2.g3 Bg4 3.Bg2 Nd7 4.c4 e6 5.Qa4 c6 6.cxd5 Bxf3 7.Bxf3 exd5 8.d4 Bd6
9.Nc3 Ngf6 10.Qc2 O-O 11.O-O Re8 12.b3 Nf8 13.Bb2 Ne6 14.Rad1 Qd7 15.Bc1 Rad8
16.Bg2 h6 17.h4 Qc8 18.a3 a5 19.Bb2 Qc7 20.Qd3 Qe7 21.a4 Nc7 22.e3 Qe6 23.Ne2 Ne4
24.Bc3 Ra8 25.Be1  1/2-1/2

[Event "Petrov mem"]
[Site "St Petersburg"]
[Date "1996.??.??"]
[Round "9"]
[White "Karasev, Vladimir I"]
[Black "Soldatenkov, Kusma"]
[Result "1/2-1/2"]
[WhiteElo "2360"]
[BlackElo "2335"]

1.Nf3 d5 2.g3 Nf6 3.Bg2 g6 4.c4 c6 5.b3 Bg7 6.Bb2 O-O 7.O-O Nbd7 8.cxd5 cxd5
9.Qc2 b6 10.b4 Bb7 11.Qb3 Re8 12.Nc3 a6 13.d4 e6 14.a4 Qe7 15.b5 Rec8 16.Ba3 Qd8
17.e3 Bf8 18.Bxf8 Qxf8 19.bxa6 Bxa6 20.Rfb1 Rc6 21.Nd2 Rac8 22.Nb5 Bxb5 23.Qxb5 Ne8
24.Bf1 Nd6 25.Qb4 Nf6 26.Ba6 R8c7 27.Kg2 Qh6 28.Bb5 Nxb5 29.axb5 Rc2 30.Ra8+ Rc8
31.Rxc8+ Rxc8 32.Qd6 Ng4 33.h3 Nxe3+ 34.fxe3 Rc2 35.Rd1 Qxe3 36.Qb8+ Kg7
37.Qe5+ Qxe5 38.dxe5 Rb2 39.Kf3 Rxb5 40.Rb1 Rxb1 41.Nxb1 f6 42.exf6+ Kxf6
43.Nc3 Ke5 44.Na4 b5 45.Nc3 b4 46.Na2 b3 47.Nc1 b2 48.Nd3+ Kd4 49.Nxb2 e5
50.Ke2 e4 51.Na4 Ke5 52.Nc5 d4 53.Nd7+ Kf5 54.Nb8 Ke5 55.Kd2 g5 56.Nd7+ Kf5
57.Ke2 h5 58.Nc5 Ke5 59.Nb3 h4 60.gxh4 gxh4 61.Kf2 Kd5 62.Ke2 Ke5 63.Nc5 Kf4
64.Ne6+ Kg3  1/2-1/2

[Event "St Petersburg-ch"]
[Site "St Petersburg"]
[Date "1996.??.??"]
[Round "11"]
[White "Loginov, Valery A"]
[Black "Ivanov, Sergey"]
[Result "1-0"]
[WhiteElo "2525"]
[BlackElo "2515"]

1.Nf3 d5 2.g3 g6 3.c4 c6 4.Bg2 Bg7 5.Qa4 d4 6.d3 e5 7.O-O Ne7 8.e3 dxe3 9.Bxe3 O-O
10.Nc3 Nf5 11.Bc5 Re8 12.Rfe1 Nd7 13.Ba3 Nf8 14.Rad1 Nd4 15.Nxd4 Qxd4 16.Ne4 Ne6
17.Bb4 a5 18.Bc3 Qd8 19.c5 Qe7 20.Qc4 Rd8 21.Nd6 b5 22.Qe4 b4 23.Bxe5 Nxc5
24.Qc4 Bxe5 25.Nxc8 Raxc8 26.d4 Na4 27.Qc2 Nb6 28.Rxe5 Qf6 29.Rxa5 Rxd4 30.Rxd4 Qxd4
31.Rc5 Rd8 32.Bf3 Qd3 33.Kg2 Qxc2 34.Rxc2 Ra8 35.Rxc6 Na4 36.Rxg6+ hxg6 37.Bxa8 Nxb2
38.Bd5 Nd3 39.Kf3 Kg7 40.Ke3 Ne5 41.h3 Kf6 42.Kd4 g5 43.Bb3 Kf5 44.Kd5 Kf6
45.Bc2 Nd7 46.Kc4 Ke5 47.Kxb4 Kd4 48.a4 Nb6 49.Bb3 f5 50.a5 Nd7 51.Be6  1-0

[Event "Jacques Lemans op16"]
[Site "St Veit"]
[Date "1996.??.??"]
[Round "4"]
[White "Vokroj, Rene"]
[Black "Zvan, Ziga"]
[Result "0-1"]
[WhiteElo "2245"]
[BlackElo "1946"]

1.Nf3 d5 2.g3 Nf6 3.d3 e6 4.Bg2 Be7 5.Nbd2 O-O 6.O-O Nbd7 7.e4 dxe4 8.dxe4 e5
9.Qe2 c6 10.b3 Qc7 11.Bb2 Re8 12.Nc4 Bc5 13.a4 b5 14.Ne3 a5 15.axb5 cxb5
16.Nd5 Nxd5 17.exd5 b4 18.Rfe1 Bd6 19.Rac1 Ba6 20.Qd1 Qb6 21.Nd2 Nc5 22.Qh5 Qc7
23.Re3 Re7 24.g4 f6 25.Rh3 g6 26.Qh4 Rf8 27.Kh1 Rg7 28.c4 Bc8 29.Be4 f5 30.gxf5 Bxf5
31.Bxf5 Rxf5 32.Ra1 Rgf7 33.Rg1 R5f6 34.Ne4 Nxe4 35.Qxe4 Rf4 36.Qe3 Rxf2
37.Qh6 R2f6 38.Bc1 Bf8 39.Qh4 Bc5  0-1

[Event "Star Dojran"]
[Site "Star Dojran"]
[Date "1996.??.??"]
[Round "1"]
[White "Drazic, Sinisa"]
[Black "Cosma, Ioan"]
[Result "1/2-1/2"]
[WhiteElo "2445"]
[BlackElo "2420"]

1.Nf3 d5 2.g3 c6 3.Bg2 Bg4 4.O-O Nd7 5.d4 e6 6.Nbd2 Ngf6 7.Re1 Be7 8.e4 dxe4
9.Nxe4 Nxe4 10.Rxe4 Bh5 11.c3 O-O 12.Qb3 Qb6 13.Nd2 Bg6 14.Re1 Qxb3 15.axb3 Nf6
16.Nc4 Rfd8 17.b4 Nd5 18.h4 a6 19.Bf3 h6 20.Kg2 Bd6 21.b5 cxb5 22.Bxd5 exd5
23.Nb6 Rab8 24.Nxd5 b4 25.Bf4 bxc3 26.bxc3 Kf8 27.Re3 f6 28.Bxd6+ Rxd6 29.Nf4 Bf7
30.h5 b5 31.Kf3 b4 32.cxb4 Rxb4 33.Rea3 Rb5 34.Rxa6 Bxh5+ 35.Nxh5 Rxa6 36.Rxa6 Rxh5
37.Ra8+ Ke7 38.Ra7+ Kf8 39.Ke4 Rb5 40.d5 g6 41.d6 Re5+ 42.Kd4 Ke8 43.f4 Rb5
44.Re7+ Kd8 45.Re6 Rf5 46.Re7 Ra5 47.Re6 Rf5 48.Re7 Ra5 49.Rg7 g5 50.Ke4 f5+
51.Kd4 gxf4 52.gxf4 h5 53.Rh7 h4 54.Rxh4 Kd7 55.Rh6 Rb5 56.Rg6 Ra5 57.Rh6 Rb5
58.Rg6 Ra5 59.Rf6 Rb5  1/2-1/2

[Event "Star Dojran"]
[Site "Star Dojran"]
[Date "1996.??.??"]
[Round "2"]
[White "Krstevski, Sasko"]
[Black "Colovic, Aleksandar"]
[Result "0-1"]
[WhiteElo "2215"]
[BlackElo "2310"]

1.Nf3 d5 2.g3 g6 3.Bg2 Bg7 4.O-O Nf6 5.d3 O-O 6.Nbd2 Nc6 7.e4 dxe4 8.dxe4 e5
9.c3 b6 10.Qa4 Bb7 11.Rd1 Qe7 12.Nf1 Nd8 13.Bg5 Ne6 14.Ne3 Nxg5 15.Nxg5 a5
16.Kh1 Rad8 17.h4 Bh6 18.Qc4 Ne8 19.Ng4 Bxg5 20.Rxd8 Qxd8 21.hxg5 Qxg5 22.Ne3 Qe7
23.Rd1 Nd6 24.Qd3 h5 25.c4 h4 26.Nd5 Bxd5 27.exd5 hxg3 28.fxg3 Kg7 29.a3 Qg5
30.Kg1 Rh8 31.b4 axb4 32.axb4 Nf5 33.Kf2 Rh2 34.Rh1 Rxh1 35.Bxh1 Qc1 36.g4 Nd6
37.c5 bxc5 38.bxc5 Qxc5+ 39.Kg3 Qc1 40.Bg2 Qf4+ 41.Kh3 Qh6+ 42.Kg3 Qf4+ 43.Kh3 Ne8  0-1

[Event "Rilton Cup 96/97"]
[Site "Stockholm"]
[Date "1996.??.??"]
[Round "4"]
[White "Sandstrom, Ludvig"]
[Black "Jensen, Leif"]
[Result "1-0"]
[WhiteElo "2355"]
[BlackElo "2070"]

1.Nf3 d5 2.g3 c6 3.Bg2 Bf5 4.b3 Nf6 5.Bb2 e6 6.O-O Bd6 7.d3 O-O 8.Nbd2 Bg6
9.Qe1 Nbd7 10.e4 dxe4 11.dxe4 Bb4 12.a3 Bxd2 13.Nxd2 Qc7 14.Qe2 e5 15.Rad1 Rad8
16.Nc4 b5 17.Nd6 Ne8 18.Nf5 Nef6 19.Qe3 Rfe8 20.Rd2 Nb6 21.Rxd8 Rxd8 22.Qc3 Re8
23.Rd1 Nfd7 24.Rd2 a6 25.Bh3 f6 26.Nd6 Ra8 27.f4 c5 28.Qe3 exf4 29.gxf4 Nf8
30.e5 fxe5 31.Qxe5 Ra7 32.f5 Bh5 33.f6 Bf7 34.Nxf7 Qxf7 35.fxg7 Nfd7 36.Qb8+ Nxb8
37.Rd8+ Qe8 38.Be6+  1-0

[Event "SUI-chT"]
[Site "SUI"]
[Date "1996.??.??"]
[Round "1"]
[White "Weindl, Alfred"]
[Black "Preissmann, Emmanuel"]
[Result "0-1"]
[WhiteElo "2345"]
[BlackElo "2355"]

1.Nf3 d5 2.g3 g6 3.Bg2 Bg7 4.O-O e5 5.d3 Ne7 6.e4 O-O 7.Nbd2 c6 8.b4 a5 9.bxa5 Qxa5
10.Bb2 Qc7 11.Re1 d4 12.a4 c5 13.c3 Nbc6 14.Qc2 Be6 15.Reb1 h6 16.cxd4 cxd4
17.Ba3 Rfc8 18.Rb5 Na7 19.Qxc7 Rxc7 20.Rb2 Nac8 21.Bb4 b6 22.Bf1 Nc6 23.Nc4 Bxc4
24.dxc4 Rca7 25.c5 Nxb4 26.Rxb4 bxc5 27.Rb5 Nd6 28.Rxc5 Nxe4 29.Rc6 Nc3 30.Re1 e4
31.Nd2 Re7 32.Bb5 Kf8 33.f3 e3 34.Ne4 Nxb5 35.axb5 d3 36.b6 d2 37.Rb1 e2
38.Nxd2 e1=Q+ 39.Rxe1 Rxe1+  0-1

[Event "SUI-chT"]
[Site "SUI"]
[Date "1996.??.??"]
[Round "4"]
[White "Sherwin, James T"]
[Black "Kamber, Bruno"]
[Result "1/2-1/2"]
[WhiteElo "2320"]
[BlackElo "2385"]

1.Nf3 d5 2.g3 Bg4 3.Bg2 Nd7 4.c4 e6 5.cxd5 exd5 6.Qb3 Nc5 7.Qc2 Bh5 8.b4 Ne6
9.Bb2 Be7 10.Qa4+ c6 11.b5 Bxf3 12.Bxf3 Qd7 13.Na3 c5 14.O-O Bf6 15.Rab1 Bxb2
16.Rxb2 Nd4 17.Qd1 Ne7 18.Bg2 O-O 19.e3 Ne6 20.Qc2 b6 21.d3 Rab8 22.Nb1 Rfe8
23.Nd2 Nc7 24.a4 Nc8 25.Ra1 Nd6 26.Qb3 Qe6 27.Qc2 Qf6 28.Rab1 h6 29.Bh3 Re7
30.Qd1 Qg6 31.Qb3 Qg5 32.Bg2 Qf5 33.Rc1 Re6 34.d4 Rf6 35.Nf3 Ne4 36.Qc2 Ne6
37.Ra2 g5 38.a5 g4 39.Nh4 Qg5 40.Bxe4 dxe4 41.axb6 axb6 42.Qxe4 cxd4 43.Ra8 Rd8
44.Rc2 dxe3 45.Rxd8+ Nxd8 46.Qxe3 Qxe3 47.fxe3 Kg7 48.e4 Re6 49.Rc8 Nb7 50.Nf5+ Kh7
51.Rc7 Nc5 52.Rxf7+ Kg6 53.Rg7+ Kf6 54.Rxg4 h5 55.Rg8 Nxe4 56.Rf8+ Kg6 57.Nh4+ Kg7
58.Rf5 Nf6 59.Nf3 Re2 60.Nd4 Rb2 61.Ne6+ Kg6 62.Rg5+ Kh6 63.Rf5 Kg6 64.Re5 Rb1+
65.Kg2 Rb2+ 66.Kf3 Rb3+ 67.Ke2 Rb2+ 68.Kd3 Rxh2 69.Nf4+ Kf7 70.Re6 h4 71.Rxb6  1/2-1/2

[Event "SUI-chT"]
[Site "SUI"]
[Date "1996.??.??"]
[Round "4"]
[White "Weindl, Alfred"]
[Black "Herzog, Juerg"]
[Result "1-0"]
[WhiteElo "2345"]
[BlackElo "2310"]

1.g3 d5 2.Nf3 c5 3.Bg2 Nc6 4.O-O Nf6 5.d3 e6 6.Nbd2 Be7 7.e4 O-O 8.Re1 Qc7
9.Qe2 Bd7 10.c3 Rad8 11.Nf1 c4 12.dxc4 Nxe4 13.cxd5 exd5 14.Bf4 Qa5 15.N1d2 Nxd2
16.Qxd2 Bf6 17.Bg5 Bxg5 18.Qxg5 Qb6 19.Qd2 Be6 20.Nd4 Nxd4 21.cxd4 Rc8 22.Rac1 Rfd8
23.Bf1 Kf8 24.b4 Qd6 25.a3 Bd7 26.Rc5 b6 27.Rcc1 Rxc1 28.Rxc1 Rc8 29.Rxc8+ Bxc8
30.Qc2 Bd7 31.Qxh7 Qf6 32.Qd3 g6 33.Qe3 Qc6 34.h4 a5 35.bxa5 bxa5 36.Bg2 Be6
37.Qd2 Qb6 38.Kh2 Kg7 39.h5 gxh5 40.Bxd5 Bxd5 41.Qg5+  1-0

[Event "SUI-chT"]
[Site "SUI"]
[Date "1996.??.??"]
[Round "5"]
[White "Habibi, Ali"]
[Black "Preissmann, Emmanuel"]
[Result "1/2-1/2"]
[WhiteElo "2405"]
[BlackElo "2355"]

1.Nf3 d5 2.g3 g6 3.c4 c6 4.b3 Bg7 5.d4 Nf6 6.Bg2 O-O 7.O-O Ne4 8.cxd5 cxd5
9.Bb2 Nc6 10.h3 a5 11.a3 Qb6 12.e3 Bd7 13.Nc3 Nxc3 14.Bxc3 Rfc8 15.Rc1 a4
16.b4 Rc7 17.Qd2 Rac8 18.Bb2 e6 19.Rc5 Qa7 20.Rfc1 b6 21.R5c2 Ne7 22.Bf1 Nf5
23.Ne5 Be8 24.b5 Nd6 25.Rxc7 Rxc7 26.Rxc7 Qxc7 27.Qb4 f6 28.Nf3 Nc4 29.Bc1 Nd6
30.Bd2 Qd7 31.Qxa4 Nxb5 32.Qb3 Bf8 33.a4 Nd6 34.Qxb6 Qxa4 35.Qa6 Qxa6 36.Bxa6 Bb5
37.Bxb5 Nxb5 38.Kf1  1/2-1/2

[Event "SUI-chT"]
[Site "SUI"]
[Date "1996.??.??"]
[Round "6"]
[White "Zueger, Beat"]
[Black "Mantovani, Renzo"]
[Result "1/2-1/2"]
[WhiteElo "2460"]
[BlackElo "2360"]

1.g3 d5 2.Nf3 c6 3.Bg2 Bg4 4.O-O Nd7 5.d4 e6 6.Nbd2 f5 7.c4 Bd6 8.Qb3 Rb8
9.Re1 Qe7 10.Ne5 Nxe5 11.dxe5 Bxe5 12.e4 fxe4 13.Nxe4 dxe4 14.Rxe4 Bc7 15.Rxg4 Nf6
16.Rh4 O-O 17.Be3 a5 18.Re1 Bd6 19.Qc2 Rbe8 20.c5 Bc7 21.Be4 Nxe4 22.Rxe4 Rf5
23.Qb3 Re5 24.Bd4 Rxe4 25.Rxe4 Bb8 26.Rg4 g6 27.Re4 Qd7 28.f3 Qf7 29.Kg2 e5
30.f4 Qxb3 31.axb3 Kf7 32.fxe5 Ke6 33.Bc3 Bc7 34.Rf4 Bxe5 35.Bxe5 Kxe5 36.Rf7 Kd5
37.Kf2 Kxc5 38.Rxb7 h5 39.h4 Re4 40.Ra7 Kb6 41.Rg7 Rb4 42.Rxg6 Rxb3 43.g4 Rxb2+
44.Ke3 Rb4 45.gxh5 Rxh4 46.h6 a4 47.Kd3 Kb5 48.Kc3 Rh2 49.Rg5+ c5 50.Rg6 a3
51.Kb3 a2 52.Rg1 Rxh6 53.Kxa2 Rh2+ 54.Kb1 Kb4  1/2-1/2

[Event "SUI-chT"]
[Site "SUI"]
[Date "1996.??.??"]
[Round "9"]
[White "Wirthensohn, Heinz"]
[Black "Brunner, Lucas"]
[Result "1/2-1/2"]
[WhiteElo "2415"]
[BlackElo "2500"]

1.Nf3 d5 2.g3 Nf6 3.Bg2 Bf5 4.c4 e6 5.Qb3 Qc8 6.cxd5 exd5 7.Nc3 c6 8.O-O Nbd7
9.d3 Nc5 10.Qc2 Bh3 11.e4 Bxg2 12.Kxg2 Be7 13.exd5 Nxd5 14.Nxd5 cxd5 15.Be3 O-O
16.Rac1 b6 17.d4 Ne6 18.Qa4 Qb7 19.Qc6 Qxc6 20.Rxc6 Rfc8 21.Rfc1 Rxc6 22.Rxc6 Kf8
23.Kf1 Ke8 24.Ke2 Nd8 25.Rc1 Bd6 26.Kd3 Ne6 27.Bd2 f6 28.Nh4 g6 29.Ng2 Kd7
30.Ne3 Nc7 31.h4 h5 32.Ng2 Ne6 33.Ne3 Nc7 34.Ng2 Ne6  1/2-1/2

[Event "SUI-chT"]
[Site "SUI"]
[Date "1996.??.??"]
[Round "9"]
[White "Hug, Werner"]
[Black "Kelecevic, Nedeljko"]
[Result "1-0"]
[WhiteElo "2445"]
[BlackElo "2475"]

1.Nf3 d5 2.g3 c6 3.Bg2 Nf6 4.O-O Qc7 5.d4 Bf5 6.c4 e6 7.Nc3 h6 8.Bf4 Bd6
9.Bxd6 Qxd6 10.Qb3 Qe7 11.Rac1 O-O 12.Rfd1 Ne4 13.Ne5 Nxc3 14.bxc3 Qc7 15.cxd5 exd5
16.c4 dxc4 17.Nxc4 Be6 18.Qa3 Bxc4 19.Rxc4 Nd7 20.d5 Nb6 21.Rcc1 Qe5 22.dxc6 bxc6
23.Bxc6 Rad8 24.Bf3 Rxd1+ 25.Rxd1 a5 26.Rb1 Rb8 27.Qd3 Qc7 28.Qd4 Nd7 29.Rxb8+ Nxb8
30.Qe4 Qd8 31.Kg2 g6 32.h4 h5 33.Qd5 Qc7 34.Qb7 Qd8 35.Bd5 Nd7 36.Qc6 Nf8
37.e4 Kg7 38.Qc3+ Kg8 39.Qc4 Qe7 40.Qa6 Qd8 41.Qa8 Qxa8 42.Bxa8 f6 43.Bd5+ Kg7
44.f4 Nd7 45.Kf3 Kf8 46.Ke3 Ke7 47.Kd4 Kd6 48.Bf7 Nf8 49.f5  1-0

[Event "SVK-chT9596"]
[Site "?"]
[Date "1996.??.??"]
[Round "12"]
[White "Klemanic, Emil"]
[Black "Duriga, Stefan"]
[Result "1/2-1/2"]
[WhiteElo "2240"]
[BlackElo "2210"]

1.Nf3 d5 2.g3 Nf6 3.Bg2 Bf5 4.O-O c6 5.d3 h6 6.Nbd2 e6 7.Re1 Bh7 8.c3 a5
9.Qb3 b5 10.a4 b4 11.Ne5 Qc7 12.d4 Bd6 13.f4  1/2-1/2

[Event "SWE-chT 9596"]
[Site "?"]
[Date "1996.??.??"]
[Round "?"]
[White "Karlsson, Lars"]
[Black "Hellsten, Johan"]
[Result "1-0"]
[WhiteElo "2465"]
[BlackElo "2475"]

1.g3 d5 2.Nf3 c6 3.Bg2 Nf6 4.O-O Bg4 5.Ne5 Bh5 6.d4 e6 7.c4 Nbd7 8.Nc3 Be7
9.Qb3 Qb6 10.Nxd7 Nxd7 11.e4 Qxb3 12.axb3 dxc4 13.bxc4 e5 14.Be3 O-O 15.f4 exd4
16.Bxd4 Nc5 17.Be3 Rfd8 18.Ra5 b6 19.Ra2 Rd3 20.Re1 f6 21.e5 Be8 22.Nb5 Rb3
23.Nd4 Nd3 24.Rea1 Rxb2 25.Rxb2 Nxb2 26.Nxc6 Bxc6 27.Bxc6 Rc8 28.Bd5+ Kf8
29.Rxa7 fxe5 30.fxe5 b5 31.cxb5 Nd1 32.Bd4 Nc3 33.Be6 Rb8 34.Bc4 Nxb5 35.Bxb5 Rxb5
36.Kg2 Kf7 37.Kf3 Rb3+ 38.Ke4 Rb4 39.Kd5 Rb5+ 40.Kc6 Rb8 41.Bc5 Rc8+ 42.Kb6 Rb8+
43.Ka5 Ra8 44.Rxa8 Bxc5 45.Ra6 h5 46.h3 Bd4 47.e6+ Ke7 48.Kb5 Be5 49.g4 hxg4
50.hxg4 Bd6 51.Ra7+ Kxe6 52.Rxg7 Bf4 53.Kc4 Kf6 54.Rg8  1-0

[Event "SWE-chT 9596"]
[Site "?"]
[Date "1996.??.??"]
[Round "?"]
[White "Ekelund, Peter"]
[Black "Ronneland, Daniel"]
[Result "0-1"]
[WhiteElo "2300"]
[BlackElo "2185"]

1.Nf3 d5 2.g3 c6 3.Bg2 Nf6 4.d3 Bg4 5.h3 Bh5 6.O-O Nbd7 7.Nbd2 e5 8.e4 dxe4
9.dxe4 Qc7 10.c3 Be7 11.Qc2 O-O 12.Re1 Rfd8 13.Nh4 Nc5 14.Bf1 b5 15.Nf5 Bf8
16.b4 Ne6 17.Nb3 a6 18.a4 c5 19.bxc5 Rab8 20.axb5 axb5 21.Ra6 Nxc5 22.Nxc5 Bxc5
23.Bg5 Rb6 24.Rea1 Bd1 25.Qb1 Ba4 26.Rxb6 Qxb6 27.Ne3 h6 28.Bxf6 Qxf6 29.Ng4 Qf3
30.Qb2 h5 31.Bxb5 hxg4 32.Rxa4 Rd1+  0-1

[Event "Tallinn"]
[Site "Tallinn"]
[Date "1996.??.??"]
[Round "4"]
[White "Sergejev, Roman"]
[Black "Zhuravliov, Valerij"]
[Result "1-0"]
[WhiteElo "2350"]
[BlackElo "2445"]

1.Nf3 d5 2.g3 Nc6 3.d4 Bg4 4.Bg2 Qd7 5.Nbd2 Bh3 6.O-O Bxg2 7.Kxg2 e6 8.c4 Nf6
9.cxd5 exd5 10.Nb3 Be7 11.Bg5 Ne4 12.Bxe7 Qxe7 13.Rc1 O-O 14.Nc5 Nd8 15.e3 c6
16.b4 Nd6 17.a4 a6 18.Ra1 f6 19.Qc2 N8f7 20.Rfe1 Rfe8 21.h4 Rac8 22.Nd2 Qc7
23.Qb3 Re7 24.Qd3 Rce8 25.Nf3 Nh6 26.Nh2 Kh8 27.Rab1 Qc8 28.Re2 g6 29.Rbe1 Kg7
30.Rb1 Nhf5 31.Rbe1 h5 32.Nf3 Ne4 33.Nh2 Ned6 34.Qc2 Qc7 35.Nd3 Ne4 36.Nf1 Qb8
37.Nf4 Kh6 38.b5 axb5 39.axb5 Qd6 40.bxc6 bxc6 41.f3 g5 42.hxg5+ fxg5 43.fxe4 Nh4+
44.gxh4 gxf4 45.e5 f3+ 46.Kxf3 Rg7 47.Ng3 Rxg3+ 48.Kxg3 Qe6 49.Kh2 Qg4 50.Rf1 Qxh4+
51.Kg1  1-0

[Event "Tampere Elo Taraus op"]
[Site "Tampere"]
[Date "1996.??.??"]
[Round "5"]
[White "Kochyev, Alexander"]
[Black "Paldanius, Pekka"]
[Result "1-0"]
[WhiteElo "2430"]
[BlackElo "2260"]

1.Nf3 d5 2.g3 c6 3.Bg2 Bg4 4.c4 e6 5.O-O Nf6 6.cxd5 exd5 7.h3 Be6 8.d3 Be7
9.Nd4 Bc8 10.e4 c5 11.Nb3 Nc6 12.Bg5 Be6 13.Bxf6 Bxf6 14.Nc3 d4 15.Nd5 Be7
16.Nxe7 Qxe7 17.Rc1 b6 18.e5 Rc8 19.Bxc6+ Rxc6 20.Nxd4 Rc7 21.Nxe6 Qxe6 22.Qa4+ Qd7
23.Qxd7+ Rxd7 24.Rc3 Ke7 25.f4 Ke6 26.Rf3 h6 27.Kf2 g5 28.Rc4 Rhd8 29.Ke2 Rd4
30.Rxd4 Rxd4 31.fxg5 hxg5 32.Rf6+ Kxe5 33.Rxf7 c4 34.dxc4 Rxc4 35.Rxa7 Rc2+
36.Kf3 Rxb2 37.Kg4 Kf6 38.Ra3 Rb4+ 39.Kh5 g4 40.h4 Ke5 41.Rb3  1-0

[Event "Tampere Elo Taraus op"]
[Site "Tampere"]
[Date "1996.??.??"]
[Round "7"]
[White "Keskisarja, Teemu"]
[Black "Kilpi, Teemu"]
[Result "1-0"]
[WhiteElo "2255"]
[BlackElo "2200"]

1.Nf3 d5 2.g3 c5 3.Bg2 Nc6 4.O-O Nf6 5.d3 e6 6.Nbd2 Be7 7.e4 O-O 8.e5 Nd7
9.Re1 b5 10.Nf1 a5 11.h4 Qb6 12.N1h2 b4 13.Bf4 Ba6 14.Ng4 a4 15.a3 c4 16.Qd2 cxd3
17.cxd3 Na5 18.Bg5 Nb3 19.Qf4 f6 20.exf6 Nxf6 21.Rad1 bxa3 22.bxa3 Ne4 23.Qe5 Rf5
24.Qb2 Nxg5 25.hxg5 Bxg5 26.Nxg5 Rxg5 27.Bh3 Qd4 28.Qe2 Re8 29.Kg2 Nc5 30.Ne5 h5
31.Nf3 Qf6 32.Nxg5 Qxg5 33.f4 Qf6 34.Qxh5 Rb8 35.d4 Ne4 36.Qe5 Rb2+ 37.Kg1 Kf7
38.Qxf6+ gxf6 39.Rb1 Rb3 40.Kh2 Bd3 41.Rbc1 Rb2+ 42.Kg1 Nxg3 43.Bxe6+ Kg6
44.Rc3 Ne2+ 45.Rxe2 Rxe2 46.f5+ Bxf5 47.Rg3+ Kh5 48.Bxf5 Rd2 49.Rd3  1-0

[Event "EU-ch U20 Girls"]
[Site "Tapolca"]
[Date "1996.??.??"]
[Round "3"]
[White "Kononenko, Tatiana"]
[Black "Trofimova, Olga"]
[Result "1-0"]
[WhiteElo "2275"]
[BlackElo "2215"]

1.Nf3 d5 2.g3 c6 3.Bg2 Nf6 4.O-O e6 5.b3 Bd6 6.Bb2 O-O 7.d3 Nbd7 8.Nbd2 Qe7
9.a4 e5 10.e3 h6 11.Nh4 Nc5 12.e4 dxe4 13.dxe4 g6 14.Nc4 Bc7 15.f4 Be6 16.fxe5 Nfxe4
17.Qd4 Rad8 18.Nd6 Bb6 19.Kh1 Ng5 20.Qc3 Qd7 21.Rae1 Qc7 22.a5 Bxa5 23.Qxc5 Bxe1
24.Rxe1 a6 25.c4 Rd7 26.Rf1 Rfd8 27.Bc3 Qb8 28.Qf2 Nh7 29.Qe3 h5 30.Qh6  1-0

[Event "EU-ch U20 Girls"]
[Site "Tapolca"]
[Date "1996.??.??"]
[Round "8"]
[White "Hagarova, Zuzana"]
[Black "Ciuksyte, Dagne"]
[Result "1-0"]
[WhiteElo "2295"]
[BlackElo "2205"]

1.Nf3 d5 2.g3 g6 3.Bg2 Bg7 4.O-O e5 5.d3 Nc6 6.Nbd2 Nf6 7.e4 O-O 8.c3 dxe4
9.dxe4 b6 10.Qa4 Bb7 11.Re1 Re8 12.Bf1 Nd7 13.Qc2 Qf6 14.h4 Bf8 15.Nh2 Nc5
16.Ng4 Qd8 17.Nf3 Bg7 18.Nh6+ Kf8 19.b4 Ne6 20.Bc4 Bf6 21.a4 Kg7 22.Ng4 h5
23.Nxf6 Qxf6 24.Ng5 Ncd8 25.Be3 a5 26.b5 Qe7 27.Rad1 f6 28.Nxe6+ Nxe6 29.Bd5 Bxd5
30.Rxd5 Rad8 31.Red1 Rxd5 32.Rxd5 Rd8 33.Qd3 Kf7 34.Kf1 Rxd5 35.Qxd5 Qd8
36.Ke2 Ke7 37.Kd3 Qxd5+ 38.exd5 Nd8 39.f4 Kd6 40.fxe5+ fxe5 41.Ke4 Nb7 42.Bf2 Nd8
43.Bg1 Nf7 44.Be3 Kd7 45.Bg5 Nd6+ 46.Kxe5 Nc4+ 47.Kf6 Nb2 48.Kxg6 Nxa4 49.Kxh5 Nxc3
50.Kg6 Ne4 51.Bf4 a4 52.h5  1-0

[Event "EU-ch U20 Girls"]
[Site "Tapolca"]
[Date "1996.??.??"]
[Round "9"]
[White "Djingarova, Emilia"]
[Black "Bartosik, Olimpia"]
[Result "1/2-1/2"]
[WhiteElo "2095"]
[BlackElo "2225"]

1.Nf3 d5 2.g3 g6 3.Bg2 Bg7 4.d3 c6 5.Nbd2 Nd7 6.O-O e6 7.e4 Ne7 8.Re1 h6
9.Nf1 Qc7 10.Qe2 dxe4 11.dxe4 b6 12.Ne3 Nc5 13.Nc4 e5 14.b4 Na4 15.Nb2 Nxb2
16.Bxb2 Be6 17.a4 O-O 18.Rad1 a5 19.b5 cxb5 20.Qxb5 Nc6 21.Ba3 Rfd8 22.Rxd8+ Rxd8
23.Rb1 Nb4 24.Bf1 Qxc2 25.Rc1 Qb3 26.Qxb6 Rf8 27.Bxb4 axb4 28.Nh4 g5 29.Nf5 Qxa4
30.Nxg7 Kxg7 31.Qc5 f6 32.Qe7+ Bf7 33.Rc7 b3 34.Rb7 Qxe4 35.Rxb3 Re8 36.Qd7 Rd8
37.Qxd8 Bxb3 38.Qd7+ Bf7 39.Bd3 Qf3 40.Bc4 Qh5 41.Be6 f5  1/2-1/2

[Event "Tel Aviv Cup rapid"]
[Site "Tel Aviv"]
[Date "1996.??.??"]
[Round "3"]
[White "Tseitlin, Mark D"]
[Black "Zifroni, Dov"]
[Result "0-1"]
[WhiteElo "2545"]
[BlackElo "2455"]

1.Nf3 d5 2.g3 g6 3.Bg2 Bg7 4.O-O Nf6 5.c4 c6 6.d4 O-O 7.b3 a5 8.Nc3 Ne4 9.Bb2 Nxc3
10.Bxc3 a4 11.e3 Bf5 12.Qe2 Nd7 13.Rfc1 Nf6 14.cxd5 cxd5 15.Qb5 Ne4 16.Bb4 Nd6
17.Qxd5 Be6 18.Qg5 axb3 19.axb3 Rxa1 20.Rxa1 Nf5 21.Qf4 Qb6 22.Be1 Qxb3 23.Nd2 Qc3
24.Rb1 Bh6 25.Qe4 Nd6 26.Qf3 Bf5 27.Rd1 Bc2 28.Nf1 Bxd1 29.Qxd1 Qb2 30.e4 Rc8
31.Qd3 Rc1 32.Ba5 b6 33.e5 Nf5 34.g4 Nxd4 35.e6 fxe6 36.g5 Bxg5 37.h4 Bf4
38.Qe4 bxa5 39.h5 gxh5 40.Bh3 e5  0-1

[Event "Tel Aviv ASA"]
[Site "Tel Aviv"]
[Date "1996.??.??"]
[Round "6"]
[White "Kogan, Artur"]
[Black "Bykhovsky, Avigdor"]
[Result "1/2-1/2"]
[WhiteElo "2475"]
[BlackElo "2420"]

1.Nf3 d5 2.g3 c6 3.b3 Bf5 4.Bg2 h6 5.Bb2 e6 6.O-O Nf6 7.d3 Be7 8.Nbd2 O-O
9.Qe1 Bh7 10.e4 a5 11.a3 Na6 12.Ne5 Nc5 13.f4 Ncd7 14.Kh1 Nxe5 15.fxe5 Nd7
16.d4 b5 17.c4 bxc4 18.bxc4 Nb6 19.exd5 cxd5 20.c5 Na4 21.Bc1 Rb8 22.Ra2 Nc3
23.Rb2 Qc7 24.Rf3 Nb5 25.Qf2 Nxd4 26.Rxb8 Rxb8 27.Qxd4 Bxc5 28.Qf4 g5 29.Qa4 Ba7
30.Qd1 Qxe5 31.Rf1 Bd3 32.Re1 Bc2 33.Rxe5 Bxd1 34.Re1 Bg4 35.Nf3 Bf2 36.Rf1 Bxf3
37.Bxf3 Bd4 38.Bd2 Rb3 39.Bh5 f5 40.a4 Ra3 41.Be8 Kf8 42.Bb5 Bc3 43.Bc1 Ra2
44.h4 Bf6 45.h5 Ke7 46.Be3 d4 47.Bg1 d3 48.Rd1 d2 49.Bc5+ Kf7 50.Kg2 Rc2
51.Be3 Bc3 52.Kf3 Bb4 53.Ke2 Kf6 54.Bxd2 g4 55.Kd3 Rxd2+ 56.Rxd2 Bxd2 57.Kxd2 e5
58.Ke3 Kg5 59.Bd7 Kf6 60.Bc6 Kg5 61.Be8 Kf6 62.Bg6 Kg5 63.Bf7 Kf6 64.Bg6 Kg5
65.Ke2 f4 66.gxf4+ exf4 67.Kd3 g3 68.Ke2 Kg4 69.Be4 Kxh5 70.Kf3 Kg5 71.Bd3 h5
72.Be4 h4 73.Kg2 Kf6 74.Kh3 Ke5 75.Bb7 Kd4 76.Kxh4 Kc4 77.Kh3 Kb3  1/2-1/2

[Event "CAN-ch"]
[Site "Toronto"]
[Date "1996.??.??"]
[Round "3"]
[White "Hergott, Deen"]
[Black "Nickoloff, Bryon"]
[Result "1/2-1/2"]
[WhiteElo "2445"]
[BlackElo "2410"]

1.Nf3 d5 2.g3 c6 3.Bg2 Bg4 4.O-O Nd7 5.d4 e6 6.Nbd2 Ngf6 7.c4 Bd6 8.b3 Qe7
9.a3 O-O 10.Bb2 e5 11.dxe5 Nxe5 12.Re1 Rfe8 13.cxd5 cxd5 14.Nd4 Nc6 15.Nxc6 bxc6
16.Qc2 Be5 17.Bxe5 Qxe5 18.Rac1 Rac8 19.b4 a5 20.h3  1/2-1/2

[Event "CAN-ch"]
[Site "Toronto"]
[Date "1996.??.??"]
[Round "4"]
[White "Leveille, Francois"]
[Black "Day, Lawrence A"]
[Result "1-0"]
[WhiteElo "2350"]
[BlackElo "2400"]

1.Nf3 d5 2.g3 c6 3.Bg2 Nf6 4.b3 Bg4 5.Bb2 Nbd7 6.O-O e6 7.d4 Qc7 8.Nbd2 Rd8
9.c4 h6 10.Re1 Bf5 11.Rc1 Qb8 12.Ne5 Nxe5 13.dxe5 Nd7 14.cxd5 cxd5 15.e4 dxe4
16.Bxe4 Bxe4 17.Nxe4 Be7 18.Nd6+ Kf8 19.Qh5 Nxe5 20.Qxe5 Bf6 21.Qf4 Rxd6
22.Bxf6 gxf6 23.Qxf6 Rg8 24.Qxh6+ Ke8 25.Qh7 Ke7 26.Qh4+ Ke8 27.Red1 Rxd1+
28.Rxd1 b5 29.Qd4 Qc7 30.Qe4 Rg5 31.Re1 Qc5 32.Re2 Rd5 33.Kg2 Rd4 34.Rc2 Qd5
35.Qxd5 exd5 36.Kf3 Kd7 37.Ke3 Rd1 38.h4 Kd6 39.Rd2 Rc1 40.Kf4 Re1 41.Kf5 Re6
42.f4 Kc5 43.h5 d4 44.g4 Re3 45.h6 Kd5 46.g5 Rh3 47.Kf6 Ke4 48.Kg7 Ke3 49.Rd1 d3
50.h7 Ke2 51.Ra1  1-0

[Event "Toronto"]
[Site "Toronto"]
[Date "1996.??.??"]
[Round "8"]
[White "Campbell, Brett"]
[Black "Jung, Hans Rudolf"]
[Result "0-1"]
[WhiteElo "2220"]
[BlackElo "2230"]

1.Nf3 d5 2.g3 Nc6 3.Bg2 e5 4.d3 Nf6 5.O-O Be7 6.c4 O-O 7.cxd5 Nxd5 8.Nc3 Be6
9.Bd2 Kh8 10.Nxd5 Bxd5 11.Bc3 Bf6 12.Qc2 Re8 13.e4 Be6 14.b4 Qd6 15.a3 a6
16.h3 Na7 17.Rac1 Rad8 18.Rfd1 c5 19.Qb2 cxb4 20.Bxb4 Qd7 21.Bc5 Nc6 22.Bb6 Rc8
23.Kh2 Bd8 24.Be3 f6 25.d4 exd4 26.Nxd4 Nxd4 27.Rxd4 Qf7 28.a4 Rxc1 29.Bxc1 Bc4
30.Qd2 Be7 31.Rd7 b5 32.axb5 Bxb5 33.Ra7 Qe6 34.Qe3 Rc8 35.Bd2 Bc5  0-1